ბათუმის შოთა რუსთაველის სახელმწიფო უნივერსიტეტის ბიბლიოთეკა

იმერული დიალექტის კორპუსული ლექსიკონი : (ბიბ.ჩანაწერი № 60034)

000 -ლიდერი
ფიქსირებული სიგრძის საკონტროლო ველი 01750nam a22002897a 4500
003 - საკონტროლო ნომრის იდენტიფიკატორი
საკონტროლო ველი Ge_BSU
005 - ბოლო ოპერაციის თარიღი და დრო
საკონტროლო ველი 20230531123119.0
008 - ფიქსირებული სიგრძის მონაცემთა ელემენტები - ზოგადი ინფორმაცია
ფიქსირებული სიგრძის საკონტროლო ველი 230531s2018ge xxu||||| |||| 00| 0 geo d
020 ## - წიგნის საერთაშორისო სტანდარტული ნომერი
International Standard Book Number 9788378931713
041 ## - ენის კოდი
Language code of text/sound track or separate title geo
080 ## - უნივერსალური ათობითი კლასიფიკაციის ინდექსი
Universal Decimal Classification number 81'28(038) ბ-52
100 ## - მთავარი ჩანაწერი - პიროვნების სახელი
Personal name ბერიძე,მარინა
9 (RLIN) 18353
245 ## - ცნობა სათაურის შესახებ
Title იმერული დიალექტის კორპუსული ლექსიკონი :
Remainder of title (ქართული დიალექტური კორპუსი) /
Statement of responsibility, etc მარინა ბერიძე, ნინო შარაშენიძე, ელენე ნინო, რედ. ციცინო კვანტალიანი, რუსუდან ლანდია
264 ## - წარმოების, გამოცემის, დისტრიბუციის და სხვა ცნობები
გამოცემის, წარმოების, დისტრიბუციის... სახელწოდება Wojnowice,
გამოცემის, წარმოების, დისტრიბუციის... თარიღი 2018
300 ## - ფიზიკური აღწერა
Extent 646 გვ.:
Other physical details 23 სმ.
440 ## - სერიის ცნობა / დამატებულია ჩანაწერი - სათაური
Title საბა - ქართული ლექსიკონი
9 (RLIN) 18330
500 ## - ზოგადი შენიშვნა
General note ყდაზე ავტორი მითითებული არ არის.
546 ## - LANGUAGE NOTE
Language note ყდა ქართულ და ინგლისურ ენებზე.
653 ## - INDEX TERM--UNCONTROLLED
Uncontrolled term იმერული დიალექტის კორპუსული ლექსიკონი
653 ## - INDEX TERM--UNCONTROLLED
Uncontrolled term ლექსიკონი
700 ## - ADDED ENTRY--PERSONAL NAME
Personal name შარაშენიძე, ნინო
9 (RLIN) 7758
700 ## - ADDED ENTRY--PERSONAL NAME
Personal name კიკნაძე, ელენე
9 (RLIN) 18354
700 ## - ADDED ENTRY--PERSONAL NAME
Personal name კვანტალიანი,ციცინო
Relator term რედაქტორი
9 (RLIN) 18355
700 ## - ADDED ENTRY--PERSONAL NAME
Personal name ლანდია, რუსუდან
Relator term რედაქტორი
9 (RLIN) 18343
710 ## - ADDED ENTRY--CORPORATE NAME
Corporate name or jurisdiction name as entry element თსუ არნ. ჩიქობავას სახ. ენათმეცნიერების ინ-ტი,
9 (RLIN) 18360
942 ## - ADDED ENTRY ELEMENTS (KOHA)
Source of classification or shelving scheme
Koha item type წიგნი
ეგზემპლარები
ჩამოწერის სტატუსი დაკარგული ეგზემპლარის სტატუსი კლასიფიკაციის წყარო ან თაროზე გაწყობის სქემა დაზიანების სტატუსი არ გაიცემა მუდმივი მდებარეობა (დაცვის ადგილი) ამჟამინდელი ადგილსამყოფელი თაროზე განთავსების ადგილი შეძენის თარიღი ღირებულება, შესყიდვის ნორმალური ფასი სრული შენახვის შიფრი შტრიხკოდი ბოლო ოპერაციის თარიღი ეგზემპლარის მიმდევრობითი ნომერი (კეტერი?) ფასის ძალაში შესვლის თარიღი ეგზემპლარის სახეობა საჯარო შენიშვნა
          ბათუმის შოთა რუსთაველის სახელმწიფო უნივერსიტეტის მთავარი ბიბლიოთეკა ბათუმის შოთა რუსთაველის სახელმწიფო უნივერსიტეტის მთავარი ბიბლიოთეკა წიგნსაცავი 2023-05-31 27.00 81'28(038) ბ-52 29523 2023-05-31 29523 2023-05-31 წიგნი 27ლ.21თ.